000 00373cam a22001217a 4500
008 180718b1963 xxu||||| |||| 00| 0 eng d
082 _aZ2x54 B469
100 _aBhatia, B.M.
245 _aFamines in India: a study in some aspects of the economic history of India (1860-1945)
_cby B.M. Bhatia
260 _aBombay
_bAsia
_c1963
300 _a367p.
650 _aIndia --Famines
999 _c359535
_d359535